Sarcoma cístico del testículo derecho / (Record no. 31988)

MARC details
000 -LEADER
campo de control de longitud fija 00681nam a2200181 i 4500
001 - NÚMERO DE CONTROL
campo de control 31988
003 - IDENTIFICADOR DE NÚMERO DE CONTROL
campo de control ES-MaACL
005 - FECHA Y HORA DE LA ÚLTIMA TRANSACCIÓN
campo de control 20230906154504.0
007 - CAMPO FIJO DE DESCRIPCIÓN FÍSICA--INFORMACIÓN GENERAL
campo de control de longitud fija t|
008 - DATOS DE LONGITUD FIJA--INFORMACIÓN GENERAL
campo de control de longitud fija 030206s1884 sp ||||1| spa d
100 1# - ENTRADA PRINCIPAL--NOMBRE DE PERSONA
Nombre de persona Armangué y Tuset, José.
9 (RLIN) 22916
245 10 - MENCIÓN DEL TÍTULO
Título Sarcoma cístico del testículo derecho /
Mención de responsabilidad, etc. por José Armangué y Carreras-Soláa.
260 ## - PUBLICACIÓN, DISTRIBUCIÓN, ETC.
Lugar de publicación, distribución, etc. Barcelona :
Nombre del editor, distribuidor, etc. [s.n.],
Fecha de publicación, distribución, etc. 1884 (
Fabricante Tip. La Academia de Evaristo Ullastres)
300 ## - DESCRIPCIÓN FÍSICA
Extensión 32 p., [4] p., 2 h. de lám. ;
Dimensiones 25 cm.
650 #4 - PUNTO DE ACCESO ADICIONAL DE MATERIA--TÉRMINO DE MATERIA
Término de materia o nombre geográfico como elemento de entrada Testículos.
9 (RLIN) 147127
700 1# - ENTRADA AGREGADA--NOMBRE PERSONAL
Nombre de persona Carreras Solá, Luis.
9 (RLIN) 35681
852 ## - LOCALIZACIÓN
Ubicación ES-MaACL
Número de control de estantería T-667-F-9
Nota libre .- Dedicatoria autógrafa del coautor Luis Carrera Solá a Gustavo Saenz Diez
Holdings
Estatus retirado Estado de pérdida Estado de daño No para préstamo Colección Biblioteca de origen Biblioteca actual Ubicación en estantería Fecha de adquisición Fuente de adquisición Total de préstamos Signatura topográfica completa Código de barras Visto por última vez Precio de reemplazo Tipo de ítem Koha
        Colección de folletos Biblioteca del Ateneo de Madrid Biblioteca del Ateneo de Madrid Depósito folletos 17/01/2008     T-667-F-9 1033089 23/02/2023 23/02/2023 Folleto